| 000 | 01160cam a2200217 4500 | ||
|---|---|---|---|
| 008 | 030827n2003 000 0 eng u | ||
| 035 | _a(Sirsi) u123372 | ||
| 245 | _aIndian takeaways to hit UK harder | ||
| 260 | _c2003 | ||
| 490 |
_aEstates Gazette _v(0334) 23 August 2003, 9(1) |
||
| 520 | _aIndia Property Research (IPR) estimates that there is now 3m sq ft of new demand from London occupiers in India as financial services follow the trend to move operations to the developing world. IPR is run by EG Group's Geoff Marsh in London and Tanaji Chakrabati in India. These findings are backed up by research by consultant McKinsey and Co for the West Bengal government which reveals that 90% of the companies expressing interest in outsourcing operations in the region were from the UK. It is estimated that over 15m sq ft of office space in the UK will be lost to the Indian subcontinent. | ||
| 590 | _aWB | ||
| 650 | _aINDIA | ||
| 650 | _aOFFICE SPACE | ||
| 650 | _aOUTSOURCING | ||
| 650 | _aOFFICE OCCUPIERS | ||
| 650 | _aLONDON | ||
| 650 | _aUNITED KINGDOM | ||
| 690 | _aPROPERTY-COMMERCIAL PROPERTY-COMMERCIAL PROPERTY MARKET | ||
| 942 | _n0 | ||
| 999 |
_c73279 _d73279 |
||